| Tag |
First Indicator |
Second Indicator |
Subfields |
| LEADER |
00000pam a2200000 i 4500 |
| 001 |
in00000640310 |
| 005 |
20151015055807.0 |
| 008 |
780623s1978 ne b 10110 eng |
| 010 |
|
|
|a 78016085
|
| 020 |
|
|
|a 9027708673
|
| 035 |
|
|
|a (OCoLC)04037023
|
| 035 |
|
|
|9 ACV2095AM
|
| 040 |
|
|
|a DLC
|c DLC
|d TXA
|d UtOrBLW
|
| 043 |
|
|
|a e-no---
|
| 049 |
|
|
|a TXAM
|c [1479333]
|
| 050 |
0 |
0 |
|a QE606
|b .N37 1977, vol. 2
|
| 082 |
0 |
|
|a 551.1/3 s
|a 551.1/3
|
| 111 |
2 |
|
|a NATO Advanced Study Institute Paleorift Systems with Emphasis on the Permian Oslo Rift
|d (1977 :
|c Oslo, Norway)
|
| 245 |
1 |
0 |
|a Tectonics and geophysics of continental rifts /
|c edited by I. B. Ramberg and E.-R. Neumann.
|
| 264 |
|
1 |
|a Dordrecht ;
|a Boston :
|b D. Reidel Pub. Co.,
|c [1978]
|
| 264 |
|
4 |
|c ©1978
|
| 300 |
|
|
|a xv, 444 pages :
|b illustrations ;
|c 25 cm.
|
| 336 |
|
|
|a text
|b txt
|2 rdacontent
|
| 337 |
|
|
|a unmediated
|b n
|2 rdamedia
|
| 338 |
|
|
|a volume
|b nc
|2 rdacarrier
|
| 490 |
1 |
|
|a NATO advanced study institutes series. Series C, Mathematical and physical sciences ;
|v v. 37
|
| 490 |
1 |
|
|a Nato Advanced Study Institute Paleorift Systems with Emphasis on the Permian Oslo Rift, Oslo, Norway, 1977. Proceedings of the NATO Advanced Study Institute Paleorift Systems with Emphasis on the Permian Oslo Rift, held in Oslo, Norway, July 27-August 5, 1977 ;
|v v. 2
|
| 504 |
|
|
|a Includes bibliographical references and index.
|
| 650 |
|
0 |
|a Rifts (Geology)
|x Congresses.
|
| 650 |
|
0 |
|a Geology, Structural
|v Congresses.
|
| 650 |
|
0 |
|a Geophysics
|v Congresses.
|
| 650 |
|
0 |
|a Rifts (Geology)
|z Norway
|z Oslo Region
|x Congresses.
|
| 650 |
|
0 |
|a Geology, Stratigraphic
|y Permian
|v Congresses.
|
| 700 |
1 |
|
|a Neumann, E.-R.
|q (Else-Ragnhild),
|d 1948-
|
| 700 |
1 |
|
|a Ramberg, I. B.
|q (Ivar B.)
|
| 830 |
|
0 |
|a NATO advanced study institutes series.
|n Series C,
|p Mathematical and physical sciences ;
|v v. 37.
|
| 830 |
|
0 |
|a Proceedings of the NATO Advanced Study Institute Paleorift Systems with Emphasis on the Permian Oslo Rift, held in Oslo, Norway, July 27-August 5, 1977 ;
|v v. 2.
|
| 999 |
|
|
|a MARS
|
| 999 |
f |
f |
|s 773e69da-af9b-3b56-82fe-d50db0fa6685
|i abd0d8c1-bdf9-39a3-b009-c90f3be18e34
|t 0
|
| 952 |
f |
f |
|p ric
|a Texas A&M University
|b Rellis Campus
|c Joint Library Facility
|s JLF
|d Remote Storage
|t 0
|e QE606 .N37 1977, vol. 2
|h Library of Congress classification
|i unmediated -- volume
|m A14804797826
|
| 998 |
f |
f |
|a QE606 .N37 1977, vol. 2
|t 0
|l Remote Storage
|